MARC details
| 000 -CABECERA |
| campo de control de longitud fija |
03883nam a22003495i 4500 |
| 001 - NÚMERO DE CONTROL |
| campo de control |
991015330069707026 |
| 003 - IDENTIFICADOR DEL NÚMERO DE CONTROL |
| campo de control |
UkOxU |
| 005 - FECHA Y HORA DE LA ÚLTIMA TRANSACCIÓN |
| campo de control |
20260505164746.0 |
| 006 - CÓDIGOS DE INFORMACIÓN DE LONGITUD FIJA--CARACTERÍSTICAS DEL MATERIAL ADICIONAL |
| campo de control de longitud fija |
m || d | |
| 007 - CAMPO FIJO DE DESCRIPCIÓN FÍSICA--INFORMACIÓN GENERAL |
| campo de control de longitud fija |
cr ||||||||||| |
| 008 - DATOS DE LONGITUD FIJA--INFORMACIÓN GENERAL |
| campo de control de longitud fija |
220328s2022 xxk||||eo |||| ||eng |
| 020 ## - NÚMERO INTERNACIONAL ESTÁNDAR DEL LIBRO |
| Número Internacional Estándar del Libro |
9781292405407 |
| 035 ## - NÚMERO DE CONTROL DEL SISTEMA |
| Número de control de sistema |
022812312-44oxf_inst |
| 035 ## - NÚMERO DE CONTROL DEL SISTEMA |
| Número de control de sistema |
(UkOxU)022812312 |
| 035 ## - NÚMERO DE CONTROL DEL SISTEMA |
| Número de control de sistema |
(Uk)020537144 |
| 037 ## - FUENTE DE ADQUISICIÓN |
| Número de adquisición |
9781292405407 |
| Fuente del número de adquisición |
Pearson UK |
| 040 ## - FUENTE DE LA CATALOGACIÓN |
| Centro catalogador/agencia de origen |
Uk |
| Lengua de catalogación |
eng |
| Centro/agencia transcriptor |
Uk |
| 041 ## - CÓDIGO DE LENGUA |
| Código de lengua del texto/banda sonora o título independiente |
English |
| 100 ## - ENTRADA PRINCIPAL--NOMBRE DE PERSONA |
| Nombre de persona |
Sloman, John |
| Fechas asociadas al nombre |
1947- |
| Término indicativo de función/relación |
author. |
| 9 (RLIN) |
8100 |
| 245 10 - MENCIÓN DE TÍTULO |
| Título |
Economics |
| Mención de responsabilidad, etc. |
/ John Sloman, Jon Guest, Dean Garratt. |
| 250 ## - MENCIÓN DE EDICIÓN |
| Mención de edición |
Eleventh edition. |
| 264 #1 - PRODUCCIÓN, PUBLICACIÓN, DISTRIBUCIÓN, FABRICACIÓN Y COPYRIGHT |
| Producción, publicación, distribución, fabricación y copyright |
Harlow : |
| Nombre del de productor, editor, distribuidor, fabricante |
Pearson, |
| Fecha de producción, publicación, distribución, fabricación o copyright |
2022. |
| 300 ## - DESCRIPCIÓN FÍSICA |
| Extensión |
1 online resource. |
| 505 0# - NOTA DE CONTENIDO CON FORMATO |
| Nota de contenido con formato |
Economics and Economies — Part B FOUNDATIONS OF MICROECONOMICS — Supply and Demand — Government and the Market — Part C MICROECONOMIC THEORY — Background to Demand: the Rational Consumer — Consumer Behaviour in an Uncertain World — Background to Supply — Profit Maximising under Perfect Competition and Monopoly — Profit Maximising under Imperfect Competition — The Behaviour of Firms — The Theory of Distribution of Income — Part D MICROECONOMIC POLICY — Inequality, Poverty and Policies to Redistribute Income — Markets, Efficiency and the Public Interest — Environmental Policy — Government Policy towards Business — An Introduction to Macroeconomic Issues and Ideas — The Development of Macroeconomic Thinking: a Historical Perspective — Part F MACROECONOMIC MODELS, THEORIES AND POLICY — Short-run Macroeconomic Equilibrium — Banking, Money and Interest Rates — The Relationship between the Money and Goods Markets — Aggregate Supply, Inflation and Unemployment — The Relationship between Inflation, Unemployment and Output — Fiscal and Monetary Policy — Long-term Economic Growth and Supply-side Policies — Part G THE WORLD ECONOMY — International Trade — The Balance of Payments and Exchange Rates — Economies in an Interdependent World. |
| 520 ## - SUMARIO, ETC. |
| Sumario, etc. |
Economics, 11th edition by Sloman, Garratt, and Guest, is the ultimate guide to the fascinating subject of Economics. The book is essential for the students who want to get a solid understanding of the key concepts in economic theory and practice. With content that is accessible and easy to follow, this latest version will allow you to take your first steps into thinking like an economist.<br/><br/>The latest edition provides valuable insight into the constantly changing and often complex issues that economists face today. The updated comprehensive study material comes with extensive revisions, and the content has been improved, discussing the latest events and developments in the field.<br/><br/>The book touches upon some of the major issues the world is facing in the 2020s from an analytical and critical point of view, prompting you to adopt the economist way of thinking and reflect on both the economic problems and opportunities it presents. Some issues include the effects of the Covid-19 pandemic and aftermath, globalisation, climate emergency facing our planet, the rise in populism and large-scale migration of people across and within continents.<br/><br/>From theory to practical, real-life applications, contemporary issues, and events, this is a leading student text and definitive guide on the principles of Economics.<br/><br/>Personalise learning with MyLab® Economics.<br/>By combining trusted author content with digital tools and a flexible platform, MyLab Economics personalises the learning experience and improves results for each student. |
| 630 #0 - PUNTO DE ACCESO ADICIONAL DE MATERIA--TÍTULO UNIFORME |
| Título uniforme |
B1 Economics for Managers (BiM) |
| 9 (RLIN) |
26600 |
| 650 #0 - PUNTO DE ACCESO ADICIONAL DE MATERIA--TÉRMINO DE MATERIA |
| Término de materia o nombre geográfico como elemento de entrada |
Economics |
| 9 (RLIN) |
2587 |
| 700 ## - ENTRADA AGREGADA--NOMBRE PERSONAL |
| Nombre de persona |
Guest, Jon |
| Término indicativo de función/relación |
author. |
| 9 (RLIN) |
22988 |
| 700 ## - ENTRADA AGREGADA--NOMBRE PERSONAL |
| Nombre de persona |
Garratt, Dean |
| Fechas asociadas al nombre |
1970- |
| Término indicativo de función/relación |
author. |
| 9 (RLIN) |
8099 |
| 856 ## - LOCALIZACIÓN Y ACCESO ELECTRÓNICOS |
| Identificador Uniforme del Recurso |
<a href="https://bibliotheque.tbs-education.fr/Default/doc/SYRACUSE/3386377/economics">https://bibliotheque.tbs-education.fr/Default/doc/SYRACUSE/3386377/economics</a> |
| 942 ## - ELEMENTOS DE ENTRADA AGREGADA (KOHA) |
| Fuente del sistema de clasificación o colocación |
Clasificación de Library of Congress |